| 000 | 00496nam a2200217Ia 4500 | ||
|---|---|---|---|
| 003 | 0100 | ||
| 008 | 130303s9999 xx 000 0 und d | ||
| 040 | _cARRUPELIB | ||
| 050 | _aBF173.F85 S886 | ||
| 100 | _aStorr, Anthony | ||
| 245 | _aFreud | ||
| 245 | _ba very short introduction | ||
| 260 | _aNew York | ||
| 260 | _bOxford | ||
| 260 | _C2001 | ||
| 300 | _a165p. | ||
| 300 | _b 18cm | ||
| 650 | _bAchebe, Chinua Things fall apart | ||
| 700 | _aFreud, Sigmund | ||
| 942 |
_2lcc _01 |
||
| 999 |
_c60011 _d60011 |
||